000 00556pab a2200181 454500
008 180718b1979 xxu||||| |||| 00| 0 eng d
100 _aMurty, Roma Standefer
245 _aThe Tripura Balwadi programme: An integrated approach to child welfare and community education
260 _c1979
300 _ap.709-724.
362 _aJul-Sep
650 _aCommunity education - India - Tripura
650 _aChild welfare - India - Tripura
650 _aChild welfare
773 _aIndian Journal of Public Administration
908 _aN
909 _a88397
999 _c88397
_d88397